LDR 00899naa#a2200193#i#450# 001 EN\\bibl\122476 005 20260501081309.5 011 ## _a2304-0130 100 ## _a20260410b2026####ek#y0engy0150####ca 102 ## _aRU 200 1# _aESTABLISHING THE FACT OF THE USE OF INDUSTRIALLY MANUFACTURED FIRE-CONDUCTING CORDS AS PART OF IMPROVISED INCENDIARY DEVICES _eJournal article 210 1# _aSaint-Petersburg _cSaint-Petersburg University of State Fire Service of Emercom of Russia _d2026 215 ## _a6 с. 608 ## _aJournal article _2local 675 ## _aСудебно-физическое расследование. Подразделять с помощью :53 , например,. 343.983.3 _aСудебно-химическое расследование. 343.983.4 _z 700 #1 _aIvakhnyuk _gSergey G. 700 #1 _aSkukovskiy _gAnatoly G. 700 #1 _aKorovkin _gDmitriy Sergeevich 856 4# _ajournals.igps.ru _u